=LDR 00000nam 2200000 4500 =001 INLIS000000000010911 =005 20130612102522 =008 ***********************************Ind** =035 ##$$0010-061300000010911 =041 ##$$a Ind =082 ##$$a 379.598 =090 ##$$a 379.598, Not p.4 =100 ##$$a Notodiharjo, Harjono =260 ##$$a 1990 $b Jakarta. niversitas Indonesia =300 ##$$a xv-209 hlm, 23 cm =650 ##$$a Pendidikan Tinggi Indonesia =850 ##$$a NBPNMAT